000 00480nam a2200181Ia 4500
001 4795
005 20260306145821.0
008 260306t2018||||xx |||||||||||||| ||spa||
041 _aESP
082 _a330.1
_bR783
100 _aRuggiero, Vincenzo
_eAUT
245 0 _aLos crímenes de la economía:
_bun análisis criminológico del pensamiento económico
260 _c2018
300 _a223 páginas :
_c23 cm.
650 _aGEN
654 _aCAN
942 _cLIB
_dJUS
_fJUS
_2ddc
_n
999 _c4795
_d4795